00493 2200193 4500001002100000005001500021035002000036245004800056100001500104300002600119260003600145082001200181084001800193020002200211600001500233990001700248990001700265990001700282INLIS00000000000106220250721104750 a0010-07250000441 aThe Power Habits Of Rasulullah /cUmi Dilla0 aDilla, Umi a207 hlm ;c13 X 19 cm aYogyakarta :bYash Media,c2024 a297.124 a297.124 DIL t a978-623-09-9487-6 4aRasulullah a3575/PP/2025 a3577/PP/2025 a3578/PP/2025